Statystyki dla Zespoły muzyczne po zdjęciach

Kliknij tutaj aby rozwiązać quiz!

Ogólne statystyki

  • Ten quiz został rozwiązany 212 razy
  • Średni wynik to 5 z 12

Statystyki odpowiedzi

Odpowiedź% Poprawnych
The Beatles
90%
Queen
77%
Metallica
70%
The Rolling Stones
53%
Guns N’ Roses
51%
Iron Maiden
39%
Sabaton
38%
Aerosmith
35%
Black Sabbath
32%
AC/DC
31%
Deep Purple
11%
Rammstein
4%

Rozkład punktacji

Percentyl według liczby udzielonych odpowiedzi

Procent ludzi z każdym wynikiem

Twoja historia wyników

Nie rozwiązałeś tego quizu